| 000 | 00671nam a2200253Ia 4500 | ||
|---|---|---|---|
| 003 | OSt | ||
| 005 | 20220924131808.0 | ||
| 006 | a|||||r|||| 00| 0 | ||
| 007 | ta | ||
| 008 | 220923b |||||||| |||| 00| 0 tel d | ||
| 020 | _cRs.2. | ||
| 024 | _a345494 | ||
| 037 | _cTextual | ||
| 040 |
_aARTS _cARTS _btel |
||
| 041 |
_2tel _atel |
||
| 082 | _aO35,3MPA1,1, K3 | ||
| 100 |
_aParuchuri Au. _9202886 |
||
| 245 | 0 | _aMattilo Manikyam | |
| 260 |
_aVijayawada _bAnnapurna Publishers India _c1963 |
||
| 300 |
_a142p. _ccm. |
||
| 650 | _aTELUGU LITERATURE | ||
| 942 |
_hO35,3MPA1,1, K3 _cTEXL _2CC |
||
| 999 |
_c428212 _d428212 |
||